000 00366cam a22001097a 4500
008 180718b2003 xxu||||| |||| 00| 0 eng d
082 _aT19x54 C333
245 _aTransport economics: a book of readings
_cby Central Institute of Road Transport
260 _aPune
_bCentral Institute of Road Transport
_c2003
300 _a221p.
650 _aTransportation --Great Britain
999 _c403264
_d403264